Serie A - Top Scorers - Statistics

General Stats
  • This quiz has been taken 656 times
  • The average score is 4 of 12
Answer Stats
Goals Nationality Player % Correct
188 Italy Alessandro Del Piero
81%
250 Italy Francesco Totti
75%
201 Italy Ciro Immobile
63%
205 Italy Roberto Baggio
55%
209 Italy Antonio Di Natale
38%
216 Italy Giuseppe Meazza
32%
225 Sweden Gunnar Nordahl
25%
274 Italy Silvio Piola
22%
216 Italy/Brazil Jose Altafini
19%
188 Italy Alberto Gilardino
13%
188 Italy Giuseppe Signori
9%
190 Sweden Kurt Hamrin
8%
No matching quizzes found
Score Distribution
Percent of People with Each Score
Percentile by Number Answered
Your Score History
You have not taken this quiz